|
|
|
|
| LEADER |
00000nab a2200000 a 4500 |
| 001 |
vtls001008892 |
| 003 |
SK-MaSNL |
| 005 |
20260303040203.0 |
| 008 |
040720e20000607xo 0 slo |
| 035 |
|
|
|a RV9492
|
| 040 |
|
|
|a RVGKPD
|b slo
|c RVGKPD
|e AACR2
|
| 041 |
0 |
|
|a slo
|
| 044 |
|
|
|a xo
|c SK
|
| 080 |
|
|
|a 625.7/.8
|2 1981
|
| 100 |
1 |
|
|a Karpáty, Peter
|4 aut
|9 646517
|
| 245 |
1 |
0 |
|a Cestný obchvat v Brzotíne nebude dostavaný načas
|
| 650 |
0 |
7 |
|a cesty
|2 RVGKPD
|9 25096
|
| 650 |
0 |
7 |
|a výstavba
|2 RVGKPD
|9 29373
|
| 651 |
|
7 |
|a Brzotín (Slovensko)
|2 RVGKPD
|9 31127
|
| 655 |
|
7 |
|a periodikum
|2 snkbucl
|9 29553
|
| 773 |
0 |
8 |
|t Gemerský denník
|g Roč. 2, č.130, 7.6.2000, s. 1
|
| 852 |
|
|
|a ZVYKNI
|b KIS3GCP
|
| 999 |
|
|
|c 1680749
|d 1682679
|